Топ 10 стран Европы по населению - Statistics

General Stats
  • This quiz has been taken 15 times
  • The average score is 9 of 10
Answer Stats
Население 2025 Страна % Correct
146 171 000 Россия
100%
83 155 000 Германия
92%
67 081 000 Великобритания
92%
64 844 000 Франция
92%
59 257 000 Италия
92%
47 363 000 Испания
92%
37 899 000 Польша
92%
29 000 000 Украина
92%
19 257 000 Румыния
77%
17 441 000 Нидерланды
54%
No matching quizzes found
Score Distribution
Percent of People with Each Score
Percentile by Number Answered
Your Score History
You have not taken this quiz